Οι Νόμοι της Ελλάδος / Η Οικονομική και Κοινωνική Φυσιογνωμία των 52 Νομών και 13 Περιφερειών (Record no. 5339)
[ view plain ]
| 000 -LEADER | |
|---|---|
| fixed length control field | 01243cam a22001694a 4500 |
| 005 - ΗΜΕΡΟΜΗΝΙΑ ΚΑΙ ΩΡΑ ΤΕΛΕΥΤΑΙΑΣ ΕΝΗΜΕΡΩΣΗΣ | |
| Πεδίο ελέγχου | 20250605163459.0 |
| 008 - FIXED-LENGTH DATA ELEMENTS--GENERAL INFORMATION | |
| Πεδίο ελέγχου σταθερού μήκους | 250528s ||||||||||||||||||||||||d |
| 035 ## - SYSTEM CONTROL NUMBER | |
| System control number | 20204 |
| 040 ## - ΠΗΓΗ ΚΑΤΑΛΟΓΟΓΡΑΦΗΣΗΣ | |
| Φορέας πρωτότυπης καταλογογράφησης | MC Athens Campus Library |
| Γλώσσα καταλογογράφησης | Ελληνικά, Μοντέρνα (1453-) |
| Modifying agency | MC Athens Campus Library |
| Κανόνες περιγραφικής καταλογογράφησης | AACR2 |
| 245 1# - ΤΙΤΛΟΣ ΚΑΙ ΔΗΛΩΣΗ ΥΠΕΥΘΥΝΟΤΗΤΑΣ | |
| Τίτλος | Οι Νόμοι της Ελλάδος / Η Οικονομική και Κοινωνική Φυσιογνωμία των 52 Νομών και 13 Περιφερειών |
| 260 ## - PUBLICATION, DISTRIBUTION, ETC. | |
| Name of publisher, distributor, etc. | ΕΚΚΕ, |
| Date of publication, distribution, etc. | 1999 |
| 300 ## - PHYSICAL DESCRIPTION | |
| Extent | 216 |
| 520 ## - SUMMARY, ETC. | |
| Summary, etc. | Σύνθεση εκατό διαχρονικών σειρών βασικών δεδομένων. Σύνολο Χώρας, Σημειώσεις για την Ανάγνωση των Πινάκων, Σύνολο Ελλάδος, Δείκτες Ευημερίας, Πληθυσμιακοί Δείκτες, Περιφέρειες, Ανατολικής Μακεδονίας και Θράκης, Κεντρικής Μακεδονίας, Δυτικής Μακεσδονίας, Ηπείρου, Θεσσαλίας, Ιόνιων Νήσων, Δυτικής Ελλάδος, Στερεάς Ελλάδος, Αττικής, Πελοποννήσου, Βόρειου Αιγαίου, Νότιου Αιγαίου, Κρήτης, Νομοί. |
| 942 ## - ADDED ENTRY ELEMENTS (KOHA) | |
| Koha item type | Books |
| Τύπος τεκμηρίου | Βιβλιοθήκη | Τρέχουσα τοποθεσία | Barcode | Αριθμός εισαγωγής | Ημερομηνία απόκτησης | Ταξιθετικό σύμβολο | Αριθμός αντιτύπου | Κατάσταση απόσυρσης | Κατάσταση χαμένου | Κατάσταση κατεστραμμένου | Μη δανεισμός | Σύνολο δανεισμών | Ημερομηνία τελευταίας εμφάνισης | Η τιμή ισχύει από |
|---|---|---|---|---|---|---|---|---|---|---|---|---|---|---|
| Books | MC Athens Campus Library | MC Athens Campus Library | 9780000053381 | 6455 | 05/06/2025 | 342.023 ALP | 1 | 05/06/2025 | 05/06/2025 |